| 000 | 00612naa a2200205 a 4500 | ||
|---|---|---|---|
| 001 | 85192 | ||
| 003 | BD-RjUL | ||
| 005 | 20250714100519.0 | ||
| 008 | 250714s1984 i ||||| |||| 00| 0 urd d | ||
| 035 | _a(BD-RjUL) 85192 | ||
| 040 |
_aBD-RjUL _beng _cBD-RjUL |
||
| 041 | _aurd | ||
| 082 |
_223 _a891.43909 _bMIS 1984 |
||
| 100 |
_aمرزا، شہنشاہ ;; Mirza Shahanshah _916011 |
||
| 245 | 1 | 0 |
_aتنقیدی تجزیے ;; Tanqidi tajziye / _cشہنشاہ مرزا ;; shehnsha marza |
| 260 |
_aLakhnuw : _bNami Press, _c1984 |
||
| 300 |
_a299 p. ; _c17 cm |
||
| 650 | _aUrdu literature | ||
| 942 |
_2ddc _cBK |
||
| 999 |
_c85192 _d85192 |
||